00309nam a2200109 4500008004100000082001700041100002800058245004800086260003600134300000900170440002000179230704b xxu||||| |||| 00| 0 eng d a340.690bJAL cJournal of African Law  aJournal of African Law bVolume 44 Number 1 alondonbOxford universityc2000 a269p n1v44x02218553